Statistics for Countries that start with T

Click here to take the quiz!

General Stats

  • This quiz has been taken 466 times
    (451 since last reset)
  • The average score is 9 of 12

Answer Stats

Hint Answer % Correct
1Turkey
90%
8Turkmenistan
86%
2Thailand
85%
4Tanzania
81%
6Togo
80%
3Taiwan
72%
12Tajikistan
72%
11Tonga
71%
9Tuvalu
70%
7Tunisia
69%
10Trinidad and Tobago
67%
5Timor-Leste
19%

Score Distribution

Percentile by Number Answered

Percent of People with Each Score

Your Score History

You have not taken this quiz since the last reset